000 00308nam a22001337a 4500
008 170502b xxu||||| |||| 00| 0 eng d
020 _a9780135154427
041 _aeng
080 _29TH
_a343
100 _a14
101 _aSHJ
245 _aPROCEDURES IN THE JUSTICE SYSTEM
_cROBERSON, C
942 _2udc
_cBK
999 _c12362
_d12362